قر آ ن مجيد کا تعر ف (Record no. 166860)
[ view plain ]
| 000 -LEADER | |
|---|---|
| fixed length control field | 00682nam a22001937a 4500 |
| 005 - DATE AND TIME OF LATEST TRANSACTION | |
| control field | 20211116155431.0 |
| 010 ## - LCCN (DPL NO) | |
| LC control number | UR-10369 |
| 020 ## - INTERNATIONAL STANDARD BOOK NUMBER | |
| Terms of availability | 60.00 |
| International Standard Book Number | - |
| 035 ## - SYSTEM CONTROL NUMBER | |
| System control number | U-8924 |
| 037 ## - SOURCE OF ACQUISITION | |
| Source of stock number/acquisition | DBAD/PUB |
| Stock number | - |
| 082 ## - DEWEY DECIMAL CLASSIFICATION NUMBER | |
| Classification number | 270 |
| 100 ## - MAIN ENTRY--PERSONAL NAME | |
| Personal name | صد ر ا لد ين ا صلا حی |
| 245 ## - TITLE STATEMENT | |
| Title | قر آ ن مجيد کا تعر ف |
| Statement of responsibility, etc | صد ر ا لد ين ا صلا حی |
| 246 ## - VARYING FORM OF TITLE | |
| Remainder of title | Quran Majeed ka Taruf (Urdu) |
| Title proper/short title | by Sadaruddin Islahi |
| 260 ## - PUBLICATION, DISTRIBUTION, ETC. (IMPRINT) | |
| Place of publication, distribution, etc | New Delhi |
| Name of publisher, distributor, etc | Markazi Maktaba Islami Publishers |
| Date of publication, distribution, etc | 2013 ء |
| 270 ## - ADDRESS | |
| Address | D-307,Dawat Nagar,Abul Fazal Enclave,Jamia Nagar, |
| City | New Delhi |
| Postal code | 110025 |
| Telephone number | 26971652 |
| Fax number | - |
| 300 ## - PHYSICAL DESCRIPTION | |
| Extent | 144 ص |
| Dimensions | 22 Cm(Hb) |
| 942 ## - ADDED ENTRY ELEMENTS (KOHA) | |
| Source of classification or shelving scheme | Dewey Decimal Classification |
| Item type | Urdu Bks |
| Classification part | 270 |
| Call number suffix | ص د ر |
| Withdrawn status | Lost status | Not for loan | Collection code | Home library | Current library | Date acquired | Source of acquisition | Cost, normal purchase price | Full call number | Barcode | Copy number | Cost, replacement price | Koha item type |
|---|---|---|---|---|---|---|---|---|---|---|---|---|---|
| Not For Loan | Non-fiction | D.B.Act.Division | D.B.Act.Division | 13/08/2019 | DBAD/PUB | 60.00 | 270 ص د ر | U-8924 | 1 | 60.00 | Urdu Bks |
